<?xml version="1.0" encoding="UTF-8"?>
<record
    xmlns:xsi="http://www.w3.org/2001/XMLSchema-instance"
    xsi:schemaLocation="http://www.loc.gov/MARC21/slim http://www.loc.gov/standards/marcxml/schema/MARC21slim.xsd"
    xmlns="http://www.loc.gov/MARC21/slim">

  <leader>01431nam0a2200385   4500</leader>
  <controlfield tag="001">RU\NLR\bibl\1400424</controlfield>
  <controlfield tag="005">20250615204043.0</controlfield>
  <datafield tag="010" ind1=" " ind2=" ">
    <subfield code="a">978-5-397-00715-3</subfield>
  </datafield>
  <datafield tag="021" ind1=" " ind2=" ">
    <subfield code="a">RU</subfield>
    <subfield code="b">2009-45066</subfield>
    <subfield code="9">2738</subfield>
  </datafield>
  <datafield tag="035" ind1=" " ind2=" ">
    <subfield code="a">(nilc)RSL-KNO-004337448</subfield>
  </datafield>
  <datafield tag="035" ind1=" " ind2=" ">
    <subfield code="a">(NLR Aleph) 001392432</subfield>
  </datafield>
  <datafield tag="090" ind1=" " ind2=" ">
    <subfield code="a">1170746</subfield>
    <subfield code="c">1170746</subfield>
  </datafield>
  <datafield tag="100" ind1=" " ind2=" ">
    <subfield code="a">20090529d2009    |||y0rusy50      ca</subfield>
  </datafield>
  <datafield tag="101" ind1="0" ind2=" ">
    <subfield code="a">rus</subfield>
  </datafield>
  <datafield tag="102" ind1=" " ind2=" ">
    <subfield code="a">RU</subfield>
  </datafield>
  <datafield tag="105" ind1=" " ind2=" ">
    <subfield code="a">y   |||||||||</subfield>
  </datafield>
  <datafield tag="200" ind1="1" ind2=" ">
    <subfield code="a">&#x41A;&#x43B;&#x430;&#x441;&#x441;&#x438;&#x447;&#x435;&#x441;&#x43A;&#x438;&#x435; &#x43A;&#x430;&#x43B;&#x438;&#x431;&#x440;&#x43E;&#x432;&#x43E;&#x447;&#x43D;&#x44B;&#x435; &#x43F;&#x43E;&#x43B;&#x44F;</subfield>
    <subfield code="e">&#x442;&#x435;&#x43E;&#x440;&#x438;&#x44F; &#x441; &#x444;&#x435;&#x440;&#x43C;&#x438;&#x43E;&#x43D;&#x430;&#x43C;&#x438;. &#x41D;&#x435;&#x43A;&#x43E;&#x43C;&#x43C;&#x443;&#x442;&#x430;&#x442;&#x438;&#x432;&#x43D;&#x44B;&#x435; &#x442;&#x435;&#x43E;&#x440;&#x438;&#x438;</subfield>
    <subfield code="f">&#x412;. &#x410;. &#x420;&#x443;&#x431;&#x430;&#x43A;&#x43E;&#x432;</subfield>
  </datafield>
  <datafield tag="205" ind1=" " ind2=" ">
    <subfield code="a">&#x418;&#x437;&#x434;. 3-&#x435;</subfield>
  </datafield>
  <datafield tag="210" ind1=" " ind2=" ">
    <subfield code="a">&#x41C;&#x43E;&#x441;&#x43A;&#x432;&#x430;</subfield>
    <subfield code="c">URSS</subfield>
    <subfield code="c">&#x41B;&#x418;&#x411;&#x420;&#x41E;&#x41A;&#x41E;&#x41C;</subfield>
    <subfield code="d">2009</subfield>
  </datafield>
  <datafield tag="215" ind1=" " ind2=" ">
    <subfield code="a">236 &#x441;.</subfield>
    <subfield code="d">22</subfield>
  </datafield>
  <datafield tag="300" ind1=" " ind2=" ">
    <subfield code="a">&#x41D;&#x430; 4-&#x439; &#x441;. &#x43E;&#x431;&#x43B;. &#x430;&#x432;&#x442;.: &#x412;.&#x410;. &#x420;&#x443;&#x431;&#x430;&#x43A;&#x43E;&#x432; - &#x434;.&#x444;.-&#x43C;.&#x43D;., &#x43F;&#x440;&#x43E;&#x444;., &#x430;&#x43A;&#x430;&#x434;.</subfield>
  </datafield>
  <datafield tag="313" ind1=" " ind2=" ">
    <subfield code="a">&#x438;&#x437;&#x434;. &#x43F;&#x440;&#x43E;&#x432;&#x435;&#x440;&#x435;&#x43D;&#x43E;</subfield>
  </datafield>
  <datafield tag="320" ind1=" " ind2=" ">
    <subfield code="a">&#x411;&#x438;&#x431;&#x43B;&#x438;&#x43E;&#x433;&#x440;.: &#x441;. 228-234</subfield>
  </datafield>
  <datafield tag="320" ind1=" " ind2=" ">
    <subfield code="a">&#x41F;&#x440;&#x435;&#x434;&#x43C;. &#x443;&#x43A;&#x430;&#x437;.: &#x441;. 235-236</subfield>
  </datafield>
  <datafield tag="606" ind1="1" ind2=" ">
    <subfield code="a">&#x41A;&#x430;&#x43B;&#x438;&#x431;&#x440;&#x43E;&#x432;&#x43E;&#x447;&#x43D;&#x43E;&#x435; &#x43F;&#x43E;&#x43B;&#x435;</subfield>
    <subfield code="j">&#x423;&#x447;&#x435;&#x431;&#x43D;&#x44B;&#x435; &#x438;&#x437;&#x434;&#x430;&#x43D;&#x438;&#x44F;</subfield>
    <subfield code="9">2176205</subfield>
    <subfield code="3">RU\NLR\auth\661308876</subfield>
  </datafield>
  <datafield tag="610" ind1="0" ind2=" ">
    <subfield code="a">&#x444;&#x435;&#x440;&#x43C;&#x438;&#x43E;&#x43D;&#x44B;</subfield>
  </datafield>
  <datafield tag="686" ind1=" " ind2=" ">
    <subfield code="a">&#x412;315.6&#x44F;73-1</subfield>
    <subfield code="2">rubbk</subfield>
  </datafield>
  <datafield tag="686" ind1=" " ind2=" ">
    <subfield code="a">&#x412;315.2&#x44F;7</subfield>
  </datafield>
  <datafield tag="700" ind1=" " ind2="1">
    <subfield code="a">&#x420;&#x443;&#x431;&#x430;&#x43A;&#x43E;&#x432;</subfield>
    <subfield code="b">&#x412;. &#x410;.</subfield>
    <subfield code="f">1955-</subfield>
    <subfield code="g">&#x412;&#x430;&#x43B;&#x435;&#x440;&#x438;&#x439; &#x410;&#x43D;&#x430;&#x442;&#x43E;&#x43B;&#x44C;&#x435;&#x432;&#x438;&#x447;</subfield>
    <subfield code="4">070</subfield>
  </datafield>
  <datafield tag="801" ind1=" " ind2="0">
    <subfield code="a">RU</subfield>
    <subfield code="b">&#x420;&#x41A;&#x41F;</subfield>
    <subfield code="c">20090529</subfield>
    <subfield code="g">rcr</subfield>
  </datafield>
  <datafield tag="801" ind1=" " ind2="1">
    <subfield code="a">RU</subfield>
    <subfield code="b">&#x420;&#x413;&#x411;</subfield>
    <subfield code="c">20090529</subfield>
  </datafield>
  <datafield tag="801" ind1=" " ind2="2">
    <subfield code="a">RU</subfield>
    <subfield code="b">NLR</subfield>
    <subfield code="c">20090812</subfield>
    <subfield code="g">rcr</subfield>
  </datafield>
  <datafield tag="942" ind1=" " ind2=" ">
    <subfield code="c">BOOK</subfield>
  </datafield>
  <datafield tag="980" ind1=" " ind2=" ">
    <subfield code="a">NB</subfield>
  </datafield>
  <datafield tag="995" ind1=" " ind2=" ">
    <subfield code="5">2009-08-12</subfield>
    <subfield code="a">ad</subfield>
    <subfield code="b">NLR01</subfield>
    <subfield code="c">NLR01</subfield>
    <subfield code="e">RF9</subfield>
    <subfield code="f">2973590</subfield>
    <subfield code="k">2009-5/6948</subfield>
    <subfield code="o">0</subfield>
    <subfield code="r">BOOK</subfield>
    <subfield code="s">200956948_</subfield>
  </datafield>
  <datafield tag="995" ind1=" " ind2=" ">
    <subfield code="5">2009-08-12</subfield>
    <subfield code="a">ad</subfield>
    <subfield code="b">NLR01</subfield>
    <subfield code="c">NLR01</subfield>
    <subfield code="e">RF9</subfield>
    <subfield code="f">2973591</subfield>
    <subfield code="k">2009-5/6948</subfield>
    <subfield code="o">0</subfield>
    <subfield code="r">BOOK</subfield>
    <subfield code="s">200956948_</subfield>
  </datafield>
</record>
